National Lampoon Movies - Statistics

General Stats
  • This quiz has been taken 14 times
  • The average score is 9 of 39
Answer Stats
Picture Answer % Correct
National Lampoon's Vacation
100%
National Lampoon's Animal House
88%
National Lampoon's Christmas Vacation
63%
National Lampoon's European Vacation
63%
National Lampoon's Loaded Weapon 1
38%
National Lampoon's Senior Trip
38%
National Lampoon's Van Wilder
38%
National Lampoon's 301: The Legend of Awesomest Maximus
25%
National Lampoon's Blackball
25%
National Lampoon's Van Wilder: The Rise of Taj
25%
National Lampoon: Drunk Stoned Brilliant Dead
13%
National Lampoon Presents: Cattle Call
13%
National Lampoon Presents Dorm Daze
13%
National Lampoon Presents Electric Apricot: Quest for Festeroo
13%
National Lampoon Presents: Jake's Booty Call
13%
National Lampoon Presents: One, Two, Many
13%
National Lampoon Presents: RoboDoc
13%
National Lampoon Presents Surf Party
13%
National Lampoon Ratko: The Dictator's Son
13%
National Lampoon's Adam & Eve
13%
National Lampoon's Bag Boy
13%
National Lampoon's Barely Legal
13%
National Lampoon's Class Reunion
13%
National Lampoon's Dirty Movie
13%
National Lampoon's Endless Bummer
13%
National Lampoon's Going the Distance
13%
National Lampoon's Gold Diggers
13%
National Lampoon's Golf Punks
13%
National Lampoon's Joy of Sex
13%
National Lampoon's Movie Madness
13%
National Lampoon's Pucked
13%
National Lampoon's Repli-Kate
13%
National Lampoon's Snatched
13%
National Lampoon's Stoned Age
13%
National Lampoon's The Almost Guys
13%
National Lampoon's The Beach Party at the Threshold of Hell
13%
National Lampoon's The Cheerleaders Must Die!
13%
National Lampoon's Totally Baked: A Potumentary
13%
National Lampoon's Transylmania
13%
No matching quizzes found
Score Distribution
Percent of People with Each Score
Percentile by Number Answered
Your Score History
You have not taken this quiz